[Event "2nd Hersonissos Open 2018"]
[Site "Hersonissos"]
[Date "2018.06.19"]
[Round "4"]
[White "Papidakis, Georgios"]
[Black "Kadianis, Georgios"]
[Result "0-1"]
[WhiteElo "1710"]
[BlackElo "1917"]
[Annotator "NA"]
[PlyCount "166"]
[EventDate "2018.06.16"]
[EventType "swiss"]
[EventCountry "GRE"]
[SourceTitle "playchess.com"]
[Source "ChessBase"]
[SourceQuality "1"]
[TimeControl "5400+30"]

1. d4 {[%emt 0:00:00]} d5 {[%emt 0:00:13]} 2. c4 {[%emt 0:00:00]} c6 {[%emt 0:00:07]} 3. cxd5 {[%emt 0:00:00]} cxd5 {[%emt 0:00:03]} 4. Bf4 {[%emt 0:00:00]} Nc6 {[%emt 0:00:08]} 5. e3 {[%emt 0:00:00]} Nf6 {[%emt 0:00:05]} 6. Nc3 {[%emt 0:00:00]} a6 {[%emt 0:00:05]} 7. Bd3 {[%emt 0:00:04]} e6 {[%emt 0:00:11]} 8. h3 {[%emt 0:00:13]} Be7 {[%emt 0:00:07]} 9. Nf3 {[%emt 0:00:14]} O-O {[%emt 0:00:08]} 10. O-O {[%emt 0:00:17]} Bd7 {[%emt 0:00:47]} 11. Rc1 {[%emt 0:01:05]} b5 {[%emt 0:01:30]} 12. Ne5 {[%emt 0:00:24]} Rc8 {[%emt 0:02:28]} 13. Nxd7 {[%emt 0:00:12]} Nxd7 {[%emt 0:04:00]} 14. a4 {[%emt 0:00:40]} b4 {[%emt 0:08:07]} 15. Nb1 {[%emt 0:30:05]} Qb6 16. Qe2 {[%emt 0:06:54]} Ndb8 {[%emt 0:27:28]} 17. Nd2 {[%emt 0:02:43]} b3 {[%emt 0:07:57]} 18. Bxb8 {[%emt 0:26:43]} Nxb8 {[%emt 0:00:53]} 19. Rxc8 {[%emt 0:00:47]} Rxc8 {[%emt 0:00:06]} 20. Qd1 {[%emt 0:00:13]} Qa5 {[%emt 0:06:54]} 21. Nxb3 {[%emt 0:05:00]} Qxa4 {[%emt 0:00:53]} 22. Nc5 {[%emt 0:02:42]} Qa5 {[%emt 0:06:22]} 23. Qb1 {[%emt 0:03:14]} Bxc5 {[%emt 0:01:14]} 24. Bxh7+ {[%emt 0:14:11]} Kf8 {[%emt 0:00:06]} 25. Rc1 {[%emt 0:01:44]} Qb4 {[%emt 0:07:57]} 26. Bd3 {[%emt 0:01:52]} Rc7 {[%emt 0:02:06]} 27. dxc5 {[%emt 0:00:51]} Rxc5 {[%emt 0:00:09]} 28. Rxc5 {[%emt 0:00:17]} Qxc5 {[%emt 0:00:04]} 29. Bf1 {[%emt 0:00:24]} g6 {[%emt 0:02:28]} 30. Qa2 {[%emt 0:02:42]} a5 {[%emt 0:00:27]} 31. Qb3 {[%emt 0:00:55]} Nd7 {[%emt 0:02:22]} 32. Qa2 {[%emt 0:00:48]} Ne5 {[%emt 0:06:16]} 33. Qa1 {[%emt 0:00:23]} Nc4 {[%emt 0:03:18]} 34. Bxc4 {[%emt 0:00:42]} dxc4 {[%emt 0:00:05]} 35. Qd1 {[%emt 0:00:28]} Qb6 {[%emt 0:00:58]} 36. Qd2 {[%emt 0:00:37]} Ke7 {[%emt 0:04:59]} 37. Qc3 {[%emt 0:00:31]} Qb5 {[%emt 0:04:09]} 38. Qd4 {[%emt 0:00:19]} a4 {[%emt 0:00:57]} 39. Qa7+ {[%emt 0:00:37]} Kf8 {[%emt 0:01:02]} 40. Qd4 {[%emt 0:00:00]} e5 {[%emt 0:00:00]} 41. Qc3 {[%emt 0:00:00]} Kg8 {[%emt 0:00:00]} 42. h4 {[%emt 0:00:00]} Qb3 {[%emt 0:00:00]} 43. Qxe5 {[%emt 0:00:00]} c3 {[%emt 0:00:00]} 44. bxc3 {[%emt 0:00:00]} a3 {[%emt 0:00:00]} 45. Kh2 {[%emt 0:00:00]} a2 {[%emt 0:00:00]} 46. Qa5 {[%emt 0:00:39]} Qb8+ {[%emt 0:00:02]} 47. f4 {[%emt 0:00:37]} Qb1 {[%emt 0:05:01]} 48. Qd8+ {[%emt 0:00:26]} Kh7 {[%emt 0:00:36]} 49. Qf6 {[%emt 0:02:52]} Qf5 {[%emt 0:00:37]} 50. Qa6 {[%emt 0:00:30]} Qd5 {[%emt 0:01:17]} 51. Qa3 {[%emt 0:00:56]} Kg7 {[%emt 0:00:39]} 52. Qa7 {[%emt 0:00:30]} Qd2 {[%emt 0:00:32]} 53. Qa4 {[%emt 0:00:29]} Kh7 {[%emt 0:00:33]} 54. Qa7 {[%emt 0:00:23]} Kg8 {[%emt 0:00:16]} 55. Qa8+ {[%emt 0:00:34]} Kg7 {[%emt 0:00:06]} 56. Qa4 {[%emt 0:00:15]} Kf8 {[%emt 0:00:49]} 57. Qa8+ {[%emt 0:00:44]} Ke7 {[%emt 0:00:04]} 58. Qe4+ {[%emt 0:00:15]} Kd7 {[%emt 0:00:18]} 59. Qb7+ {[%emt 0:00:17]} Ke6 {[%emt 0:00:12]} 60. Qc6+ {[%emt 0:00:54]} Kf5 {[%emt 0:00:59]} 61. Qc5+ {[%emt 0:00:39]} Ke4 {[%emt 0:00:27]} 62. Qe5+ {[%emt 0:00:29]} Kd3 {[%emt 0:00:05]} 63. Qb5+ {[%emt 0:00:36]} Kc2 {[%emt 0:00:44]} 64. Qa4+ {[%emt 0:00:14]} Kc1 {[%emt 0:00:41]} 65. Qa6 {[%emt 0:00:30]} Kb2 {[%emt 0:01:01]} 66. Qb5+ {[%emt 0:00:20]} Kxc3 {[%emt 0:00:39]} 67. Qa5+ {[%emt 0:00:57]} Kd3 {[%emt 0:00:23]} 68. Qd5+ {[%emt 0:00:22]} Ke2 {[%emt 0:00:41]} 69. Qc4+ {[%emt 0:00:36]} Ke1 {[%emt 0:00:26]} 70. Qa4 {[%emt 0:00:26]} Qb2 {[%emt 0:00:38]} 71. Qa5+ {[%emt 0:00:30]} Kf1 {[%emt 0:00:12]} 72. Qa6+ {[%emt 0:00:36]} Qe2 {[%emt 0:00:15]} 73. Qa8 {[%emt 0:00:21]} Kf2 {[%emt 0:01:03]} 74. e4 {[%emt 0:00:19]} Ke3 {[%emt 0:00:30]} 75. f5 {[%emt 0:00:48]} Qb2 {[%emt 0:00:32]} 76. Qa7+ {[%emt 0:00:20]} Kxe4 {[%emt 0:00:27]} 77. Qa8+ {[%emt 0:00:34]} Kxf5 {[%emt 0:00:11]} 78. Qf3+ {[%emt 0:00:31]} Ke6 {[%emt 0:00:11]} 79. Qc6+ {[%emt 0:00:23]} Ke7 {[%emt 0:00:15]} 80. Qc5+ {[%emt 0:00:08]} Kf6 {[%emt 0:00:19]} 81. Qf8 {[%emt 0:01:06]} Qe5+ {[%emt 0:00:53]} 82. Kh3 {[%emt 0:00:30]} a1=Q {[%emt 0:00:48]} 83. Qd8+ {[%emt 0:00:22]} Kg7 {[%emt 0:00:17]} 0-1

[Event "2nd Hersonissos Open 2018"]
[Site "Hersonissos"]
[Date "2018.06.19"]
[Round "4"]
[White "Magoulianos, Nikolaos"]
[Black "Sielicki, Tomasz"]
[Result "0-1"]
[WhiteElo "1434"]
[BlackElo "1963"]
[Annotator "NA"]
[PlyCount "104"]
[EventDate "2018.06.16"]
[EventType "swiss"]
[EventCountry "GRE"]
[SourceTitle "playchess.com"]
[Source "ChessBase"]
[SourceQuality "1"]
[TimeControl "5400+30"]

1. d4 {[%emt 0:01:29]} d6 {[%emt 0:00:16]} 2. c4 {[%emt 0:00:05]} e5 {[%emt 0:00:07]} 3. dxe5 {[%emt 0:01:00]} dxe5 {[%emt 0:00:07]} 4. Qxd8+ {[%emt 0:02:39]} Kxd8 {[%emt 0:00:17]} 5. Nc3 {[%emt 0:01:14]} Be6 {[%emt 0:00:34]} 6. Nf3 {[%emt 0:03:01]} f6 {[%emt 0:00:25]} 7. e4 {[%emt 0:01:04]} c6 {[%emt 0:00:19]} 8. Be2 {[%emt 0:02:20]} Nd7 {[%emt 0:00:26]} 9. O-O {[%emt 0:01:26]} Kc7 {[%emt 0:01:19]} 10. Be3 {[%emt 0:01:11]} a5 {[%emt 0:01:00]} 11. Na4 {[%emt 0:03:41]} Ne7 {[%emt 0:02:09]} 12. Rfd1 {[%emt 0:01:53]} b6 {[%emt 0:09:49]} 13. Rd2 {[%emt 0:05:37]} Nc8 {[%emt 0:01:10]} 14. a3 {[%emt 0:03:09]} Nd6 $11 {[%emt 0:02:55]} 15. Rad1 {[%emt 0:01:49]} Rb8 {[%emt 0:07:09]} 16. Nc3 {[%emt 0:09:57]} Nb7 {[%emt 0:04:31]} 17. Ne1 {[%emt 0:08:57]} Be7 {[%emt 0:03:45]} 18. f4 {[%emt 0:03:26]} Rhd8 {[%emt 0:01:45]} 19. Nf3 {[%emt 0:08:03]} Nd6 {[%emt 0:03:53]} 20. fxe5 {[%emt 0:03:35]} fxe5 {[%emt 0:03:38]} 21. Bg5 {[%emt 0:01:15]} Nf6 {[%emt 0:17:40]} 22. Nxe5 {[%emt 0:01:47]} Ndxe4 {[%emt 0:04:29]} 23. Nxe4 {[%emt 0:01:31]} Nxe4 {[%emt 0:00:27]} 24. Rxd8 {[%emt 0:00:28]} Bxd8 {[%emt 0:01:46]} 25. Bxd8+ {[%emt 0:00:35]} Rxd8 {[%emt 0:00:04]} 26. Rxd8 {[%emt 0:00:06]} Kxd8 {[%emt 0:00:08]} 27. Nxc6+ {[%emt 0:00:11]} Kd7 {[%emt 0:03:33]} 28. Nd4 {[%emt 0:01:47]} h6 {[%emt 0:06:31]} 29. Nxe6 {[%emt 0:01:22]} Kxe6 {[%emt 0:00:00]} 30. Bd3 {[%emt 0:00:58]} Nc5 {[%emt 0:00:18]} 31. Bc2 {[%emt 0:01:32]} Ke5 {[%emt 0:00:24]} 32. Kf2 {[%emt 0:08:50]} Kd4 {[%emt 0:00:45]} 33. Kg3 {[%emt 0:00:37]} Kxc4 {[%emt 0:01:27]} 34. Kh4 {[%emt 0:00:08]} Nd3 {[%emt 0:08:32]} 35. Bxd3+ {[%emt 0:00:30]} Kxd3 {[%emt 0:00:15]} 36. Kh5 {[%emt 0:00:05]} Kc2 {[%emt 0:00:04]} 37. Kg6 {[%emt 0:00:20]} Kxb2 {[%emt 0:00:09]} 38. Kxg7 {[%emt 0:00:04]} Kxa3 {[%emt 0:00:08]} 39. Kxh6 {[%emt 0:00:04]} b5 {[%emt 0:00:27]} 40. g4 {[%emt 0:00:00]} b4 {[%emt 0:00:00]} 41. g5 {[%emt 0:00:00]} b3 {[%emt 0:00:00]} 42. g6 {[%emt 0:00:00]} b2 {[%emt 0:00:00]} 43. g7 {[%emt 0:00:00]} b1=Q {[%emt 0:00:00]} 44. g8=Q {[%emt 0:00:00]} Qc1+ {[%emt 0:00:00]} 45. Qg5 {[%emt 0:00:00]} Qxg5+ {[%emt 0:00:00]} 46. Kxg5 {[%emt 0:00:00]} Kb4 {[%emt 0:00:00]} 47. h4 {[%emt 0:00:00]} a4 {[%emt 0:00:00]} 48. h5 {[%emt 0:00:00]} a3 {[%emt 0:00:00]} 49. h6 {[%emt 0:00:00]} a2 {[%emt 0:00:00]} 50. h7 {[%emt 0:00:00]} a1=Q {[%emt 0:00:00]} 51. Kh6 {[%emt 0:00:00]} Qf6+ {[%emt 0:00:00]} 52. Kh5 {[%emt 0:00:00]} Qg7 {[%emt 0:00:00]} 0-1

[Event "2nd Hersonissos Open 2018"]
[Site "Hersonissos"]
[Date "2018.06.19"]
[Round "4"]
[White "Vlatas, Dimitrios"]
[Black "Pliev, Vladimir"]
[Result "0-1"]
[WhiteElo "1146"]
[BlackElo "1909"]
[Annotator "NA"]
[PlyCount "44"]
[EventDate "2018.06.16"]
[EventType "swiss"]
[EventCountry "GRE"]
[SourceTitle "playchess.com"]
[Source "ChessBase"]
[SourceQuality "1"]
[TimeControl "5400+30"]

1. g3 {[%emt 0:00:00]} d5 {[%emt 0:00:11]} 2. Bg2 {[%emt 0:00:00]} c5 {[%emt 0:00:06]} 3. d3 {[%emt 0:00:00]} Nc6 {[%emt 0:00:06]} 4. Nd2 {[%emt 0:00:00]} Nf6 {[%emt 0:01:42]} 5. Ngf3 {[%emt 0:03:22]} g6 {[%emt 0:00:19]} 6. b3 {[%emt 0:00:24]} Bg7 {[%emt 0:00:11]} 7. Bb2 {[%emt 0:00:08]} O-O {[%emt 0:00:07]} 8. O-O {[%emt 0:00:04]} Qc7 {[%emt 0:01:32]} 9. e4 {[%emt 0:02:09]} dxe4 {[%emt 0:01:28]} 10. Nxe4 {[%emt 0:00:12]} Nxe4 {[%emt 0:00:15]} 11. Bxg7 {[%emt 0:00:18]} Nxf2 {[%emt 0:01:21]} 12. Rxf2 {[%emt 0:00:08]} Kxg7 {[%emt 0:00:08]} 13. Qd2 {[%emt 0:04:25]} f6 {[%emt 0:03:08]} 14. Raf1 {[%emt 0:00:57]} Bg4 {[%emt 0:03:22]} 15. Nh4 {[%emt 0:13:22]} Nd4 {[%emt 0:02:22]} 16. Kh1 {[%emt 0:06:53]} Rac8 {[%emt 0:04:23]} 17. Rf4 {[%emt 0:10:09]} Qd7 {[%emt 0:02:16]} 18. R4f2 {[%emt 0:10:49]} e5 {[%emt 0:06:59]} 19. c3 {[%emt 0:05:11]} Nc6 {[%emt 0:05:19]} 20. h3 {[%emt 0:08:33]} Bxh3 {[%emt 0:02:21]} 21. Bxh3 {[%emt 0:00:10]} Qxh3+ {[%emt 0:00:08]} 22. Rh2 {[%emt 0:00:04]} Qxf1# {[%emt 0:00:07]} 0-1

[Event "2nd Hersonissos Open 2018"]
[Site "Hersonissos"]
[Date "2018.06.20"]
[Round "5"]
[White "Delchev, Aleksander"]
[Black "Ranaldi, Lucas"]
[Result "1-0"]
[WhiteElo "2563"]
[BlackElo "2283"]
[Annotator "TA"]
[PlyCount "93"]
[EventDate "2018.06.16"]
[EventType "swiss"]
[EventCountry "GRE"]
[SourceTitle "playchess.com"]
[Source "ChessBase"]
[SourceQuality "1"]

{[%evp 29,93,49,54,30,76,21,79,85,143,67,74,72,55,61,189,121,200,191,280,282,280,282,275,276,269,269,332,341,426,230,233,233,231,235,237,216,208,209,230,225,282,255,390,400,400,400,400,400,404,400,389,380,453,442,416,389,594,589,683,675,831,823,986,986,805,745]} 1. Nf3 Nf6 2. c4 b6 3. g3 c5 4. Bg2 Bb7 5. O-O g6 6. Nc3 Bg7 7. d4 cxd4 8. Qxd4 d6 9. Be3 Nbd7 10. Rac1 Rc8 11. b3 O-O 12. Qd2 Re8 {A30: Symmetrical English: Double Fianchetto and Hedgehog} 13. Rfd1 a6 14. Bh3 Rc7 15. Ne1 Qb8 {LiveBook: 3 Games} 16. Nd3 {[#]} Ba8 $146 ({Predecessor:} 16... Nc5 17. f3 Nxd3 18. Qxd3 Bc8 19. Bxc8 Rexc8 {½-½ (30) Iturrizaga Bonelli,E (2603)-Fedorchuk,S (2618) Pamplona 2011}) 17. Nf4 (17. Nb4 $16) 17... b5 (17... e6 $11 {keeps the balance.}) 18. Ncd5 $16 Rc6 (18... Bxd5 $142 19. Nxd5 Nxd5 20. cxd5 (20. Qxd5 bxc4 21. Bxd7 Rxd7 $14) 20... Rxc1 21. Qxc1 (21. Rxc1 Nf6 $14) 21... Rd8) 19. cxb5 (19. Qa5 $1 $16) 19... axb5 $14 20. Rxc6 Bxc6 21. Rc1 Ba8 ({Black should play} 21... Ne5 $14) 22. Nc7 $36 {[%mdl 2048] Keeping Black busy.} (22. Bxd7 $18 Nxd7 23. Rc7) 22... Rd8 (22... Rc8 $16 23. Qa5 g5) 23. Qa5 $1 $18 {Na6 is the strong threat.} Rc8 (23... Rf8 $142 24. Na6 (24. Nxa8 Qxa8 25. Qxb5 Rb8 $16) (24. Nxb5 g5 $16) (24. Qxb5 Qxb5 25. Nxb5 Ne5 $16) 24... Qe8 25. Qxb5 Ne5 26. Qxe8 Rxe8) 24. Nxa8 Qxa8 25. Rxc8+ (25. Qxb5 Rxc1+ 26. Bxc1 Nc5 $16) 25... Qxc8 26. Qxb5 e6 27. a4 $1 {[%cal Ba2a4,Ba4a5][%mdl 32]} h6 28. a5 g5 {[#]} 29. Nd3 (29. Nxe6 $142 $1 {[%mdl 512]} g4 (29... fxe6 30. Bxe6+) 30. Qc4 (30. Nxg7 gxh3 31. Qf5 Kxg7 $16) 30... Qxc4 31. bxc4 fxe6 32. a6) 29... Nd5 30. Bd2 Bc3 {[#]} 31. Bc1 $1 Bd4 {...Nc3 would now be nice for Black.} 32. Qc4 Qxc4 33. bxc4 Nc3 34. Kf1 Na4 35. Bg2 Ba7 (35... Nac5 {might work better.} 36. Bd2 Kg7) 36. Bc6 Nac5 37. Bxd7 Nxd7 {[%mdl 4096] Endgame KBN-KBN} 38. Ba3 Bb8 39. c5 dxc5 40. Bxc5 e5 41. e4 {[%cal Be2e4,Be4f5][%mdl 32]} f5 42. Bb6 Bd6 (42... fxe4 $142 43. Nc5 Nxb6) 43. exf5 {White is clearly winning.} e4 44. Nb2 Bc5 45. Nc4 Bxb6 46. Nxb6 Nc5 47. Nd5 {Precision: White = 74%, Black = 25%.} 1-0

[Event "2nd Hersonissos Open 2018"]
[Site "Hersonissos"]
[Date "2018.06.20"]
[Round "5"]
[White "Salomon, Johan"]
[Black "Adair, James R"]
[Result "0-1"]
[WhiteElo "2474"]
[BlackElo "2485"]
[Annotator "TA"]
[PlyCount "190"]
[EventDate "2018.06.16"]
[EventType "swiss"]
[EventCountry "GRE"]
[SourceTitle "playchess.com"]
[Source "ChessBase"]
[SourceQuality "1"]

{[%evp 21,190,13,17,-5,-13,-13,-13,-16,-8,-20,-8,-19,-16,-37,-37,-95,-37,-37,-37,-38,-21,-26,-21,-29,0,0,0,0,0,0,0,-189,-179,-210,-68,-165,-164,-270,-275,-236,-59,-77,-8,-428,-458,-399,-264,-245,-223,-456,-564,-550,-546,-464,-463,-428,-412,-420,-405,-406,-407,-397,-380,-448,-448,-462,-456,-462,-462,-462,-448,-474,-463,-462,-462,-456,-448,-456,-448,-448,-448,-448,-448,-448,-448,-448,-448,-448,-441,-453,-441,-441,-391,-441,-434,-441,-441,-441,0,-435,0,-434,-434,-434,-434,-434,-434,-751,-667,-725,0,-522,-420,-360,-260,-329,-329,-337,-351,-358,-260,-366,-366,-366,-322,-366,-337,-366,-344,-373,-358,-5197,-366,-366,-366,-366,0,-366,-366,-366,0,-366,-366,-366,-366,-373,-373,-373,-373,-414,-377,-385,-93,-93,-93,-93,-93,-93,0,-54,-8,-29979,-54,-29980,-29981,-29981,-29982,-29982,-29983,-29983,-29984]} 1. e4 c5 2. Nf3 d6 3. d4 cxd4 4. Nxd4 Nf6 5. Nc3 a6 6. g3 e5 7. Nde2 Be7 8. Bg2 O-O 9. O-O b5 10. Nd5 {B91: Sicilian Najdorf: 6 g3} Nbd7 (10... Nxd5 11. Qxd5 Ra7 12. Be3 Rb7 13. b3 Nd7 14. Qd2 Nf6 15. Nc3 Be6 16. a4 Ng4 17. axb5 Nxe3 18. Qxe3 axb5 {½-½ (31) Anand,V (2776)-Gelfand,B (2695) Moscow 2018}) 11. Nec3 Bb7 {LiveBook: 9 Games} 12. a4 {The position is equal.} Nxd5 13. Nxd5 Bxd5 14. exd5 b4 15. a5 Rb8 $146 ({Predecessor:} 15... Nc5 16. Be3 Qc7 {½-½ (65) Gavrilin,R (1668)-Zemnitskiy,A (2010) Sochi 2017}) 16. Re1 Bg5 17. Bf1 Nc5 18. Bc4 (18. Bxg5 $15 Qxg5 19. Qc1) 18... Bxc1 (18... f5 $1 $17) 19. Qxc1 $15 f5 20. f4 $1 {[%cal Rf4e5]} exf4 21. Qxf4 Qf6 22. b3 Rbe8 23. Rad1 Qc3 24. Rxe8 Rxe8 25. Rf1 Re5 26. g4 $2 (26. Qg5 $11 {and White has nothing to worry.}) 26... Qxc2 $19 27. gxf5 h6 (27... Nxb3 $19 {Hoping for ...Nd2.} 28. Rf2 Re1+ 29. Kg2 Qd1) 28. Qf3 (28. Rf2 $1 $15 Qb1+ 29. Rf1) 28... Ne4 {...Nd2 is the strong threat.} 29. Kh1 (29. Qd1 $142 Qa2 30. Bxa6) 29... Nd2 30. Qg2 Qc3 $2 (30... Qe4 $19 31. Rc1 Nxc4 32. Qxe4 Rxe4 33. bxc4 b3) 31. Rg1 $1 $15 {[%csl Gg1][%cal Rg2g7]} ({Wrong is} 31. f6 $2 g5 $19) 31... Rxf5 (31... g5 $1 $17 32. Bxa6 Nxb3) 32. Qe2 $2 {[%mdl 8192]} (32. Bd3 $11 Rg5 33. Qe2) 32... Nxc4 $19 33. bxc4 {aiming for Qe6+.} Qf3+ 34. Qxf3 Rxf3 {[%mdl 4096] Endgame KR-KR} 35. Rb1 $2 (35. Re1 {was necessary.}) 35... b3 36. Kg2 Rc3 37. Kf2 Kf7 38. Ke2 Kf6 39. Kd2 Rxc4 40. Rxb3 Rd4+ 41. Ke3 Rxd5 42. Rb6 Rxa5 43. Rxd6+ Kf5 44. Kf3 Ra3+ 45. Kg2 Ra4 46. h3 Kg5 47. Kg3 Ra3+ 48. Kg2 Kh5 49. Rc6 a5 50. Rc5+ Kg6 51. Rc6+ Kh7 52. Ra6 Kg8 53. Kh2 Kf7 54. Kg2 Ra1 55. Kh2 Ra2+ 56. Kg3 Kg8 57. h4 Kf7 58. Kh3 Ra1 59. Kg2 Ra2+ $2 ({Black should play} 59... h5 $19 {Threatens to win with ...a4.} 60. Ra7+ Kg6) 60. Kg3 $2 {[%mdl 8192]} (60. Kh3 $1 $11 a4 61. Kg4) 60... Ra1 61. Kg2 $1 a4 62. Kh2 Ra2+ 63. Kg3 a3 64. Kh3 (64. h5 $142) 64... Ke7 65. Rg6 Kf7 66. Ra6 Ra1 67. Kg2 a2 68. Kh2 Ke7 69. Kg2 Kd7 70. Kh2 Kc7 71. Kg2 (71. h5 $142) 71... Kb7 72. Ra3 Kb6 73. Ra8 Kb5 74. Kh2 Kc4 75. Kg2 Kd3 76. Ra4 $2 (76. h5) 76... Ke3 $2 (76... Kc3 77. Ra7 g6) 77. Ra3+ Kf4 78. Ra4+ Ke3 79. Ra3+ $1 Ke2 80. Ra6 Kd3 $2 ({Black should try} 80... Kd1 $19 81. h5 Kc1) 81. Ra7 $2 {[%mdl 8192]} (81. Ra4 $1 $11 {and White stays safe.} Kc2 82. Ra7) 81... g6 82. Ra3+ Kc4 83. Ra8 Kb3 84. Rb8+ Kc3 85. Rc8+ Kd3 86. Ra8 Rc1 $2 (86... Kc4 $19 {is more deadly.} 87. Ra3 g5 88. hxg5 Kb4) 87. Rxa2 $17 Rc2+ 88. Rxc2 Kxc2 {KPP-KP} 89. Kg3 Kc3 (89... Kd2 $17 90. Kf2 h5) 90. Kg4 (90. Kf4 $11) 90... Kd4 91. Kg3 $2 {[%mdl 8192] [#]} (91. Kf4 $11 Kd5 92. Ke3) 91... Ke5 $2 (91... Ke3 $1 {mates} 92. h5 g5 93. Kg4 Ke4 94. Kg3 Kf5 95. Kf3 g4+ 96. Ke2 Kf4 97. Kd3 Kf3 98. Kc4 g3 99. Kb4 g2 100. Kb5 g1=Q 101. Kc6 Qg5 102. Kd6 Qxh5 103. Kc6 Qg6+ 104. Kd5 h5 105. Kc5 h4 106. Kd5 h3 107. Kc4 Qc6+ 108. Kd3 h2 109. Kd4 h1=Q 110. Ke5 Qh5+ 111. Kd4 Qhd5#) 92. Kg4 $2 {[%mdl 8192] [#]} (92. Kf3 $15 Kf5 93. Kg3) 92... Ke4 $1 {Black mates.} 93. h5 g5 94. Kg3 Kf5 95. Kh3 Kf4 {Precision: White = 39%, Black = 46%.} 0-1

[Event "2nd Hersonissos Open 2018"]
[Site "Hersonissos"]
[Date "2018.06.20"]
[Round "5"]
[White "Risting, Eivind Olav"]
[Black "Haug, Johannes"]
[Result "1/2-1/2"]
[WhiteElo "2301"]
[BlackElo "2401"]
[Annotator "NA"]
[PlyCount "30"]
[EventDate "2018.06.16"]
[EventType "swiss"]
[EventCountry "GRE"]
[SourceTitle "playchess.com"]
[Source "ChessBase"]
[SourceQuality "1"]
[TimeControl "5400+30"]

1. c4 {[%emt 0:00:00]} e6 {[%emt 0:07:18]} 2. Nc3 {[%emt 0:00:36]} d5 {[%emt 0:00:36]} 3. d4 {[%emt 0:01:56]} Bb4 {[%emt 0:00:40]} 4. Nf3 {[%emt 0:02:12]} Nf6 {[%emt 0:01:43]} 5. cxd5 {[%emt 0:01:02]} exd5 {[%emt 0:00:20]} 6. Bg5 {[%emt 0:11:07]} h6 {[%emt 0:01:48]} 7. Bh4 {[%emt 0:04:00]} c5 {[%emt 0:14:17]} 8. dxc5 {[%emt 0:03:15]} Nc6 {[%emt 0:03:19]} 9. e3 {[%emt 0:05:21]} g5 {[%emt 0:10:10]} 10. Bg3 {[%emt 0:00:09]} Ne4 {[%emt 0:00:42]} 11. Nd2 {[%emt 0:10:58]} Nxc3 {[%emt 0:11:49]} 12. bxc3 {[%emt 0:00:06]} Bxc3 {[%emt 0:00:06]} 13. Rc1 {[%emt 0:10:21]} Qa5 {[%emt 0:00:23]} 14. Bd3 {[%emt 0:15:24]} Be6 {[%emt 0:10:07]} 15. Rc2 {[%emt 0:10:59]} Bg7 {[%emt 0:21:40]} 1/2-1/2

[Event "2nd Hersonissos Open 2018"]
[Site "Hersonissos"]
[Date "2018.06.20"]
[Round "5"]
[White "Djingarova, Emilia"]
[Black "Hommeles, Theo"]
[Result "0-1"]
[WhiteElo "2218"]
[BlackElo "2361"]
[Annotator "NA"]
[PlyCount "144"]
[EventDate "2018.06.16"]
[EventType "swiss"]
[EventCountry "GRE"]
[SourceTitle "playchess.com"]
[Source "ChessBase"]
[SourceQuality "1"]
[TimeControl "5400+30"]

1. d4 {[%emt 0:09:04]} g6 {[%emt 0:00:42]} 2. e4 {[%emt 0:00:17]} Bg7 {[%emt 0:00:15]} 3. Nf3 {[%emt 0:00:09]} d6 {[%emt 0:00:22]} 4. Bd3 {[%emt 0:00:16]} Nc6 {[%emt 0:04:54]} 5. c3 {[%emt 0:00:59]} e5 {[%emt 0:00:14]} 6. dxe5 {[%emt 0:06:42]} dxe5 {[%emt 0:25:05]} 7. O-O {[%emt 0:00:26]} h6 {[%emt 0:02:19]} 8. Na3 {[%emt 0:07:54]} Nf6 {[%emt 0:07:55]} 9. Nc4 {[%emt 0:04:25]} Nh5 {[%emt 0:04:59]} 10. a4 {[%emt 0:10:30]} Be6 {[%emt 0:05:12]} 11. b4 {[%emt 0:08:17]} Nf4 {[%emt 0:06:23]} 12. Bxf4 {[%emt 0:00:56]} exf4 {[%emt 0:00:01]} 13. Qc2 {[%emt 0:04:13]} O-O {[%emt 0:03:42]} 14. b5 {[%emt 0:03:43]} Ne7 {[%emt 0:10:03]} 15. Rfd1 {[%emt 0:04:03]} c5 {[%emt 0:00:28]} 16. a5 {[%emt 0:01:58]} Qc7 {[%emt 0:01:13]} 17. Be2 {[%emt 0:15:07]} Rad8 {[%emt 0:02:26]} 18. a6 {[%emt 0:02:51]} b6 {[%emt 0:00:13]} 19. h3 {[%emt 0:02:25]} g5 {[%emt 0:00:50]} 20. Rd2 {[%emt 0:03:28]} Rxd2 {[%emt 0:00:07]} 21. Nfxd2 {[%emt 0:00:14]} Rd8 {[%emt 0:04:33]} 22. Nf3 {[%emt 0:02:04]} Ng6 {[%emt 0:00:25]} 23. Re1 {[%emt 0:02:33]} Ne5 {[%emt 0:01:39]} 24. Ncxe5 {[%emt 0:01:40]} Bxe5 {[%emt 0:00:02]} 25. c4 {[%emt 0:00:48]} Kf8 {[%emt 0:06:43]} 26. Rd1 {[%emt 0:00:35]} Rxd1+ {[%emt 0:00:13]} 27. Qxd1 {[%emt 0:00:18]} Ke7 {[%emt 0:00:09]} 28. Qd3 {[%emt 0:01:26]} Qd6 {[%emt 0:00:42]} 29. Kf1 {[%emt 0:02:22]} Qxd3 {[%emt 0:06:52]} 30. Bxd3 {[%emt 0:00:02]} Kd6 {[%emt 0:00:16]} 31. Ke2 {[%emt 0:00:09]} Bf6 {[%emt 0:01:36]} 32. Nd2 {[%emt 0:01:45]} Ke5 {[%emt 0:00:22]} 33. Nf3+ {[%emt 0:00:08]} Kd6 {[%emt 0:00:03]} 34. Nd2 {[%emt 0:00:04]} Be7 {[%emt 0:00:36]} 35. Nf3 {[%emt 0:01:46]} Bf8 {[%emt 0:03:12]} 36. Nd2 {[%emt 0:00:07]} Ke5 {[%emt 0:00:12]} 37. Nf3+ {[%emt 0:00:07]} Kd6 {[%emt 0:00:04]} 38. Nd2 {[%emt 0:00:05]} Bg7 {[%emt 0:00:08]} 39. Nb3 {[%emt 0:02:40]} Bc3 {[%emt 0:01:26]} 40. f3 {[%emt 0:00:00]} h5 {[%emt 0:00:00]} 41. Kf2 {[%emt 0:00:00]} Be5 {[%emt 0:00:00]} 42. Ke2 {[%emt 0:00:00]} Ke7 {[%emt 0:00:00]} 43. Kf2 {[%emt 0:00:00]} Kf6 {[%emt 0:00:00]} 44. Ke2 {[%emt 0:00:00]} Kg7 {[%emt 0:00:00]} 45. Kf2 {[%emt 0:00:00]} Kf8 {[%emt 0:00:00]} 46. Ke2 {[%emt 0:00:00]} Kg8 {[%emt 0:00:00]} 47. Kf2 {[%emt 0:00:00]} Kh8 {[%emt 0:00:00]} 48. Ke2 {[%emt 0:00:00]} Kg7 {[%emt 0:00:00]} 49. Kf2 {[%emt 0:00:00]} Kg6 {[%emt 0:00:00]} 50. Ke2 {[%emt 0:00:00]} g4 {[%emt 0:00:00]} 51. hxg4 {[%emt 0:00:00]} hxg4 {[%emt 0:00:00]} 52. Nd2 {[%emt 0:00:00]} Bc3 {[%emt 0:00:00]} 53. Nf1 {[%emt 0:00:00]} Kg5 {[%emt 0:00:00]} 54. Nh2 {[%emt 0:00:00]} g3 {[%emt 0:00:00]} 55. Ng4 {[%emt 0:00:00]} Bxg4 {[%emt 0:00:00]} 56. fxg4 {[%emt 0:00:00]} Kxg4 {[%emt 0:00:00]} 57. e5 {[%emt 0:00:00]} f3+ {[%emt 0:00:00]} 58. Kf1 {[%emt 0:00:00]} f2 {[%emt 0:00:00]} 59. Be4 {[%emt 0:00:00]} Bxe5 {[%emt 0:00:00]} 60. Ke2 {[%emt 0:00:30]} Kf4 {[%emt 0:01:16]} 61. Bd5 {[%emt 0:00:20]} f6 {[%emt 0:00:09]} 62. Bf3 {[%emt 0:00:12]} Bd6 {[%emt 0:00:08]} 63. Bd5 {[%emt 0:00:23]} Ke5 {[%emt 0:00:02]} 64. Kf1 {[%emt 0:00:25]} Kd4 {[%emt 0:00:07]} 65. Be6 {[%emt 0:01:45]} Kd3 {[%emt 0:00:09]} 66. Bd5 {[%emt 0:03:55]} Be5 {[%emt 0:00:06]} 67. Bf7 {[%emt 0:00:38]} Bd4 {[%emt 0:00:09]} 68. Bd5 {[%emt 0:00:31]} f5 {[%emt 0:00:29]} 69. Be6 {[%emt 0:00:09]} f4 {[%emt 0:00:07]} 70. Bd5 {[%emt 0:00:04]} f3 {[%emt 0:00:16]} 71. Bxf3 {[%emt 0:02:16]} Kxc4 {[%emt 0:00:06]} 72. Bc6 {[%emt 0:01:22]} Kb4 {[%emt 0:00:10]} 0-1